000 00458nam a2200133 a 4500
008 120416s1989 ||||||||||||||||| || u
050 _aRA 770 Wor
245 1 0 _aHealth principles of housing
246 _aWorld Health Organisation
260 _aGeneva
_bWHO
_c1989
300 _ax, 44p.
350 _a0.00
995 _D0.00
_FCBU-MAIN LIBRARY (Kitwe)
_H1
_I11.00
_UAVAILABLE
_ZAnnex Low-Usage Collection
999 _c45435
_d45435